Was Selbsthilfe leistet ...: ökonomische Wirkungen und sozialpolitische Bewertung

Saved in:  
Bibliographic Details
Contributors: Engelhardt, Hans Dietrich 1938- (Other) ; Bertel, Ute (Other)
Format: Print Book
Language:German
Subito Delivery Service: Order now.
Check availability: HBZ Gateway
WorldCat: WorldCat
Interlibrary Loan:Interlibrary Loan for the Fachinformationsdienste (Specialized Information Services in Germany)
Published: Freiburg im Breisgau Lambertus 1995
In:Year: 1995
Standardized Subjects / Keyword chains:B Munich / Self-help support / Cost effectiveness
B Deutschland (boat, 1866-1875) / Self-help support
Further subjects:B Social policy
B Bibliographie enthalten
B Self-help
B Cost effectiveness
B Self-care Evaluation Germany Munich
B Self-help groups
B Social Support
B Deutschland (boat, 1866-1875)
B Social Policy
Online Access: Table of Contents

MARC

LEADER 00000cam a2200000 c 4500
001 184242622
003 DE-627
005 20250817110337.0
007 tu
008 950511s1995 gw ||||| 00| ||ger c
015 |a 95,N20,0113  |2 dnb 
015 |a 95,A40,0363  |2 dnb 
016 7 |a 944216110  |2 DE-101 
020 |a 3784107745  |c  : DM 24.00, sfr 24.00, S 187.00 (kart.)  |9 3-7841-0774-5 
035 |a (DE-627)184242622 
035 |a (DE-576)046103864 
035 |a (DE-599)DNB944216110 
035 |a (OCoLC)75545280 
035 |a (OCoLC)75545280 
040 |a DE-627  |b ger  |c DE-627  |e rakwb 
041 |a ger 
044 |c XA-DE 
084 |a 14  |a 17  |2 sdnb 
084 |a MS 6500  |2 rvk  |0 (DE-625)rvk/123757: 
084 |a QX 900  |2 rvk  |0 (DE-625)rvk/142209: 
084 |a DS 6500  |2 rvk  |0 (DE-625)rvk/19951: 
084 |a BL 6136  |2 rvk  |0 (DE-625)rvk/12234: 
084 |a 71.89  |2 bkl 
084 |a 79.10  |2 bkl 
245 0 0 |a Was Selbsthilfe leistet ...  |b ökonomische Wirkungen und sozialpolitische Bewertung  |c Hans Dietrich Engelhardt ... Unter Mitarb. von Ute Bertel ... 
263 |a DM 24.00, sfr 24.00, S 187.00 
264 1 |a Freiburg im Breisgau  |b Lambertus  |c 1995 
300 |a 228 S  |b graph. Darst  |c 21 cm 
336 |a Text  |b txt  |2 rdacontent 
337 |a ohne Hilfsmittel zu benutzen  |b n  |2 rdamedia 
338 |a Band  |b nc  |2 rdacarrier 
500 |a Literaturverz. S. 201 - 210 
505 8 |a Literaturverz. S. 201 - 210 
583 1 |a Archivierung/Langzeitarchivierung gewährleistet  |f PEBW  |x XA-DE-BW  |2 pdager  |5 DE-31 
601 |a Selbsthilfe 
601 |a Wirkung 
601 |a Sozialpolitik 
650 7 |8 1.1\x  |a Selbsthilfe  |0 (DE-627)091389062  |0 (DE-2867)16650-2  |2 stw 
650 7 |8 1.2\x  |a Kosten-Nutzen-Analyse  |0 (DE-627)091372348  |0 (DE-2867)11529-1  |2 stw 
650 7 |8 1.3\x  |a Sozialpolitik  |0 (DE-627)091390451  |0 (DE-2867)16545-6  |2 stw 
650 7 |8 1.4\x  |a Deutschland  |0 (DE-627)091354749  |0 (DE-2867)18012-3  |2 stw 
650 0 |a Self-care  |x Evaluation  |x Germany  |x Munich 
650 0 |a Self-help groups 
650 0 |a Social Policy 
650 0 |a Social Support 
655 4 |0 (DE-206)3  |a Bibliographie enthalten  |5 DE-206 
689 0 0 |d g  |0 (DE-588)4127793-4  |0 (DE-627)105722073  |0 (DE-576)209596570  |2 gnd  |a München 
689 0 1 |d s  |0 (DE-588)4198112-1  |0 (DE-627)105191310  |0 (DE-576)210119764  |2 gnd  |a Selbsthilfeförderung 
689 0 2 |d s  |0 (DE-588)4066426-0  |0 (DE-627)104529393  |0 (DE-576)209164565  |2 gnd  |a Wirtschaftlichkeitsrechnung 
689 0 |5 DE-101 
689 1 0 |d g  |0 (DE-588)4011882-4  |0 (DE-627)104704861  |0 (DE-576)208896155  |2 gnd  |a Deutschland 
689 1 1 |d s  |0 (DE-588)4198112-1  |0 (DE-627)105191310  |0 (DE-576)210119764  |2 gnd  |a Selbsthilfeförderung 
689 1 |5 DE-101 
700 1 |0 (DE-588)123097886  |0 (DE-627)082345619  |0 (DE-576)293554412  |4 oth  |a Engelhardt, Hans Dietrich  |d 1938- 
700 1 |a Bertel, Ute  |4 oth 
856 4 2 |u http://www.gbv.de/dms/hbz/toc/ht006639714.pdf  |m V:DE-605  |q pdf/application  |v 2008-11-15  |x Verlag  |y Inhaltsverzeichnis  |3 Inhaltsverzeichnis  |7 1 
889 |w (DE-627)257526978 
935 |a mteo 
935 |i mdedup 
935 |i Blocktest 
936 r v |a MS 6500  |b Sozialpolitik, Sozialstaat  |k Soziologie  |k Spezielle Soziologien  |k Sozialpolitik, Sozialstaat  |0 (DE-627)1271068826  |0 (DE-625)rvk/123757:  |0 (DE-576)201068826 
936 r v |a QX 900  |b Wohlfahrtswesen, Sozialeinrichtung. Allgemeines  |k Wirtschaftswissenschaften  |k Sozialpolitik. Gesundheitswesen. Bildungsökonomie  |k Wohlfahrtswesen, Sozialeinrichtung  |k Wohlfahrtswesen, Sozialeinrichtung. Allgemeines  |0 (DE-627)1271483009  |0 (DE-625)rvk/142209:  |0 (DE-576)201483009 
936 r v |a DS 6500  |b Sozialpädagogik/Sozialarbeit und Verwaltung  |k Pädagogik  |k Sozialpädagogik, Sozialarbeit  |k Sozialpolitische und sozialadministrative Rahmenbedingungen  |k Sozialpädagogik/Sozialarbeit und Verwaltung  |0 (DE-627)1270784390  |0 (DE-625)rvk/19951:  |0 (DE-576)200784390 
936 r v |a BL 6136  |b Altenhilfe; Hospiz(bewegung)  |k Theologie und Religionswissenschaften  |k Christliche Gesellschaftslehre  |k Staat  |k Handlungsfelder kirchlicher / caritativer Sozialarbeit  |k Altenhilfe; Hospiz(bewegung)  |0 (DE-627)1270727958  |0 (DE-625)rvk/12234:  |0 (DE-576)200727958 
936 b k |a 71.89  |j Sozialpolitik: Sonstiges  |0 (DE-627)106412183 
936 b k |a 79.10  |j Sozialarbeit: Allgemeines  |0 (DE-627)106412868 
951 |a BO 
ELC |b 1 
ITA |a 1 
LOK |0 000 xxxxxcx a22 zn 4500 
LOK |0 001 3313305857 
LOK |0 003 DE-627 
LOK |0 004 184242622 
LOK |0 005 20100407022829 
LOK |0 008 050716||||||||||||||||ger||||||| 
LOK |0 040   |a DE-21-43  |c DE-627  |d DE-21-43 
LOK |0 541   |e 95/800 
LOK |0 852   |a DE-21-43 
LOK |0 852 1  |c Hq IV 401  |m p  |9 00 
LOK |0 935   |a k043 
LOK |0 938   |k p 
LOK |0 939   |a 16-07-05  |b l01 
ORI |a SA-MARC-ixtheoa001.raw 
STA 0 0 |a Cost effectiveness,Cost effectiveness,Cost benefit analyse,Benefit cost analysis,Deutschland (boat, 1866-1875),Germany,Germany,Germany,Germany,German Federal Republic (motif),Germany,Germany,Germany,Germany,Germany,Germany,German Democratic Republic,Germany,Federal Republic of Germany,Germany,Germany,Germany,Soviet Occupation Zone,French Occupation Zone,Munich,München,Self-help,Self-help support,Help on self-help,Social policy,Welfare policy 
STB 0 0 |a Aide à l’autoassistance,Aide à la prise en charge,Aide à la prise en charge,Analyse cout-bénéfice,Autoassistance,Prise en charge de soi-même,Prise en charge de soi-même,Calcul de rentabilité,Deutschland (bateau, 1866-1875),Allemagne,Allemagne,République fédérale d'Allemagne (motif),Politique sociale 
STC 0 0 |a Alemania,Alemania,Análisis coste-beneficio,Autoayuda,Cálculo de rentabilidad,Política social,Promoción de la autoayuda 
STD 0 0 |a Aiuto all'autoaiuto,Analisi costi-benefici,Autoaiuto,Calcolo di economicità,Germania,Germania,Politica sociale 
STE 0 0 |a 德国,德国,成本效益分析,社会政策,自助,自救,自助支援,自助援助 
STF 0 0 |a 德國,德國,成本效益分析,社會政策,自助,自救,自助支援,自助援助 
STG 0 0 |a Alemanha,Alemanha,Análise custo-benefício,Autoajuda,Cálculo de rentabilidade,Política social,Promoção da autoajuda 
STH 0 0 |a Анализ затрат и выгоды,Германия (ГДР, мотив),Германия (мотив),Поддержание самопомощи,Расчёт рентабельности,Самопомощь,Социальная политика 
STI 0 0 |a Ανάλυση κόστους-οφέλους,Αυτοβοήθεια,Γερμανία (ΛΔΓ, μοτίβο),Γερμανία (μοτίβο),Κοινωνική πολιτική,Υπολογισμός της κερδοφορίας,Υποστήριξη αυτοβοήθειας 
SYE 0 0 |a Cost-benefit-Analyse,Cost-benefit analysis,Nutzen-Kosten-Analyse,Kostennutzenanalyse,Nutzenkostenanalyse , Social policy,Gesellschaftspolitik,Gesellschaftspolitik,Wohlfahrtspolitik , DDR,Deutsche Demokratische Republik,Germany,Amerikanische Zone Deutschlands,BRD,Britische Zone Deutschlands,Bundesrepublik Deutschland,Französische Zone Deutschlands,Vereinigtes Wirtschaftsgebiet Deutschlands,BRD,Bundesrepublik Deutschland , Vereinigtes Wirtschaftsgebiet,Bizone,Verwaltung des Vereinigten Wirtschaftsgebietes,Französische Zone,Zone Française d'Occupation,Französische Besatzungszone,ZFO,Britische Zone,British occupation zone,Britische Besatzungszone,British Zone of Control,Britisches Kontrollgebiet,British Element,Britisches Element,Sowjetische Zone,Russische Zone,Sowjetische Besatzungszone,Russische Besatzungszone,Sowjetische Besatzungszone Deutschlands,Sowjetische Besatzungszone in Deutschland,Sowjetisch Besetzte Zone,Sowjetzone,Ostzone,SBZ,Länder,Westliche Bundesländer,Alte Bundesländer,Deutschland,Westdeutschland,Deutschland,Westzonen,Westliche Besatzungszonen,Trizone,Östliche Bundesländer,Neue Bundesländer,Länder,Deutschland,Ostdeutschland,Deutschland,Deutschland,Amerikanische Zone,American occupation zone,Amerikanische Besatzungszone,ABZ,United States Area of Control,Amerikanisches Kontrollgebiet,U.S. zone of occupation,United States Zone,U.S. Zone,US-Zone,Alemanha,Alemania,Allemagne,Almanija,Almāniyā,Bondsrepubliek Duitsland,BRD,BRD,Bundesrepublik Deutschland,Deutschland,Deutschland,Federal Republic of Germany,Förbundsrepubliken Tyskland,Förbundsrepublikken Tyskland,FRG,Germany,Németországi Szövetségi Kőztársaság,Niemiecka Republika Federalna Niemiecka Republika Federalna,NRF,Repubblica Federale di Germania,Republic of Germany,República Federal da Alemanha,República Federal de Alemania,Republik Federasi Djerman,Republika Federalna Niemiec,République Fédérale d'Allemagne,RFN,Saksan Liittotasavalta,Westdeutschland,Deutsche Demokratische Republik,DDR,Deutschland,German Democratic Republic,GDR,République Démocratique Allemande,RDA,Germanskaja Demokratičeskaja Respublika,Demokratičeskaja Respublika,Democratic Republic,Demokratische Republik,Niemiecka Republika Demokratyczna,NRD,Ǧumhūrīyat Almāniyā ad-Dīmuqrāṭīya,República Democrática Alemana,Saksan Demokraattisen Tasavallan,Repubblica Democratica Tedesca,Mitteldeutschland,Ostdeutschland,East Germany,Ostzone,Deutsche Länder,Germany,Heiliges Römisches Reich,Rheinbund,Deutscher Bund,Norddeutscher Bund,Deutsches Reich,Deutschland,Deutschland,BRD,Federal Republic of Germany,Republic of Germany,Allemagne,Ǧumhūrīyat Almāniyā al-Ittiḥādīya,Bundesrepublik Deutschland,BRD,Niemcy,République Fédérale d'Allemagne,Repubblica Federale di Germania,Germanija,Federativnaja Respublika Germanija,FRG,Deyizhi-Lianbang-Gongheguo 
SYG 0 0 |a Landeshauptstadt München,Hauptstadt München,Munich,Monachum,Munichen,K. Haupt- und Residenzstadt München,Königliche Haupt- und Residenzstadt München,Monaco,Mjunchen,Myunken,Mnichov,Munihei,Minga,Monacho,Monachon,Hauptstadt der Bewegung,Minkhen,Münich,Groß-München,Monaco di Baviera,Monachium,Monacum,Moncium,Myunīḫ , Förderung der Selbsthilfe,Hilfe zur Selbsthilfe , Wirtschaftlichkeitsberechnung , DDR,Deutsche Demokratische Republik,Germany,Amerikanische Zone Deutschlands,BRD,Britische Zone Deutschlands,Bundesrepublik Deutschland,Französische Zone Deutschlands,Vereinigtes Wirtschaftsgebiet Deutschlands,BRD,Bundesrepublik Deutschland , Vereinigtes Wirtschaftsgebiet,Bizone,Verwaltung des Vereinigten Wirtschaftsgebietes,Französische Zone,Zone Française d'Occupation,Französische Besatzungszone,ZFO,Britische Zone,British occupation zone,Britische Besatzungszone,British Zone of Control,Britisches Kontrollgebiet,British Element,Britisches Element,Sowjetische Zone,Russische Zone,Sowjetische Besatzungszone,Russische Besatzungszone,Sowjetische Besatzungszone Deutschlands,Sowjetische Besatzungszone in Deutschland,Sowjetisch Besetzte Zone,Sowjetzone,Ostzone,SBZ,Länder,Westliche Bundesländer,Alte Bundesländer,Deutschland,Westdeutschland,Deutschland,Westzonen,Westliche Besatzungszonen,Trizone,Östliche Bundesländer,Neue Bundesländer,Länder,Deutschland,Ostdeutschland,Deutschland,Deutschland,Amerikanische Zone,American occupation zone,Amerikanische Besatzungszone,ABZ,United States Area of Control,Amerikanisches Kontrollgebiet,U.S. zone of occupation,United States Zone,U.S. Zone,US-Zone,Alemanha,Alemania,Allemagne,Almanija,Almāniyā,Bondsrepubliek Duitsland,BRD,BRD,Bundesrepublik Deutschland,Deutschland,Deutschland,Federal Republic of Germany,Förbundsrepubliken Tyskland,Förbundsrepublikken Tyskland,FRG,Germany,Németországi Szövetségi Kőztársaság,Niemiecka Republika Federalna Niemiecka Republika Federalna,NRF,Repubblica Federale di Germania,Republic of Germany,República Federal da Alemanha,República Federal de Alemania,Republik Federasi Djerman,Republika Federalna Niemiec,République Fédérale d'Allemagne,RFN,Saksan Liittotasavalta,Westdeutschland,Deutsche Demokratische Republik,DDR,Deutschland,German Democratic Republic,GDR,République Démocratique Allemande,RDA,Germanskaja Demokratičeskaja Respublika,Demokratičeskaja Respublika,Democratic Republic,Demokratische Republik,Niemiecka Republika Demokratyczna,NRD,Ǧumhūrīyat Almāniyā ad-Dīmuqrāṭīya,República Democrática Alemana,Saksan Demokraattisen Tasavallan,Repubblica Democratica Tedesca,Mitteldeutschland,Ostdeutschland,East Germany,Ostzone,Deutsche Länder,Germany,Heiliges Römisches Reich,Rheinbund,Deutscher Bund,Norddeutscher Bund,Deutsches Reich,Deutschland,Deutschland,BRD,Federal Republic of Germany,Republic of Germany,Allemagne,Ǧumhūrīyat Almāniyā al-Ittiḥādīya,Bundesrepublik Deutschland,BRD,Niemcy,République Fédérale d'Allemagne,Repubblica Federale di Germania,Germanija,Federativnaja Respublika Germanija,FRG,Deyizhi-Lianbang-Gongheguo , Förderung der Selbsthilfe,Hilfe zur Selbsthilfe 
TIM |a 100019901003_100020261231  |b 1990-10-03 - 2026